Statistiken für Medias in Res Vok 2

Klicken Sie hier um das Quiz zu spielen!

Allgemein

  • Dieses Quiz wurde 940 mal gespielt
  • Das Durchschnittsergebnis liegt bei 27 aus 30

Antwortstatistiken

HintAntwort% Korrekt
quid?was?
98%
magisterLehrer
97%
ubi?wo?
97%
linguaZunge, Sprache
97%
Graecus/a/umgriechisch
96%
puellaMädchen
96%
Latinus/a/umlateinisch
95%
verbumWort
95%
etiamauch, sogar
94%
oculusAuge
94%
pulcher/chra/chrumschön, hübsch
94%
quis?wer?
94%
puerBub
93%
liberBuch
93%
amater/sie/es liebt
93%
non solum - sed etiamnicht nur - sondern auch
93%
salve!/salvete!sei/seid gegrüßt
93%
habeter/sie/es hat
92%
intrater/sie/es tritt ein, betritt
92%
iamschon
92%
exspectater/sie/es erwartet
91%
doceter/sie/es lehrt, unterrichtet
91%
tuus/a/umdein
90%
iratus/a/umzornig, erzürnt
87%
quodweil
86%
quamwie
86%
cogitater/sie/es denkt
85%
secummit sich, bei sich
84%
moneter/sie/es (er)mahnt
83%
spectater/sie/es schaut an, betrachtet
78%

Verteilung der Resultate

Perzentil nach korrekt beantworteten Fragen

Anzahl Personen mit jedem Resultat

Ihre Resultats-Entwicklung

Sie haben dieses Quiz noch nicht gespielt